000 00564nam a22002057a 4500
003 OSt
005 20151203143524.0
008 130621t xxu||||| |||| 00| 0 eng d
020 _a1876659149
050 _aQC 23.2
_b.K41 2002
082 _aIB 530
_bK46 2007
100 _aKerr, Gregg
245 _aPhysics :
_cGregg Kerr and Paul Ruth.
_binternational baccalaureate
250 _a3rd edition
260 _aVictoria, Australia :
_bIBID Press,
_cc2007.
300 _aviii, 576 p. :
_bill. ;
_c28 cm.
562 _e1
942 _2lcc
_cBK
999 _c2962
_d2962